| 000 | 01133nam a22003255i 4500 | ||
|---|---|---|---|
| 999 |
_c27745 _d27716 |
||
| 003 | EG-ScBUE | ||
| 005 | 20191106145311.0 | ||
| 008 | 191106t2015 ii a f b 001 0 eng d | ||
| 020 | _a9789339222864 | ||
| 020 | _a9339222865 | ||
| 040 |
_aEG-ScBUE _beng _erda _cEG-ScBUE _dEG-ScBUE |
||
| 082 | 0 | 4 |
_a658 _bKOO _222 |
| 100 | 1 |
_aKoontz, Harold, _d1908- _eauthor. |
|
| 245 | 1 | 0 |
_aEssentials of management : _ban international, innovation, and leadership perspective / _cHarold, Koontz, Heinz Weihrich. |
| 250 | _aTenth edition. | ||
| 264 | 1 |
_aChennai, India : _bMcGraw Hill Education (India), _c[2015] |
|
| 264 | 4 | _cc2015 | |
| 300 |
_axxxix, 496 pages : _billustrations ; _c28 cm |
||
| 336 |
_atext _btxt _2rdacontent |
||
| 337 |
_aunmediated _bn _2rdamedia |
||
| 338 |
_avolume _bnc _2rdacarrier |
||
| 504 | _aIncludes bibliographical references and index. | ||
| 650 | 7 |
_aManagement. _2BUEsh |
|
| 650 | 7 |
_aIndustrial management. _2BUEsh |
|
| 653 |
_bBUSADM _cNovember2019 |
||
| 655 | _vReading book | ||
| 700 | 1 |
_aWeihrich, Heinz, _eauthor. |
|
| 856 | 4 | 0 |
_3Available as smartBook _uhttp://learnsmartadvantage.com/ |
| 942 |
_2ddc _cBB |
||